000 01496nam a2200397 i 4500
001 197784
003 ES-MaACL
005 20250910063137.0
008 250523s2013 sp | |||| 000 f spa
015 _aMON13
017 _aM 21531-2013
_bOficina Depósito Legal Madrid
035 _a(OCoLC)879368522
035 _a(SpMaBN)a5486623
040 _aSpMaBN
_bspa
_cSpMaBN
_erdc
080 _a821.131.1-31"19"
100 1 _aCamilleri, Andrea,
_d1925-2019
_9241584
_eaut
240 1 3 _aLa Rizzagliata
_lEspañol
245 1 3 _aLa muerte de Amalia Sacerdote /
_cAndrea Camilleri ; traducción de Juan Carlos Gentile Vitale.
260 _aBarcelona :
_bRBA,
_cD.L. 2013.
300 _a202 páginas ;
_c19 cm.
336 _aTexto (visual)
_2isbdcontent
337 _asin mediación
_2isbdmedia
338 _2rdacarrier
_avolumen
586 _aII Premio Internacional de Novela Negra RBA 2008.
594 _aTítulo original: La Rizzagliata
594 _aEn la página 4 de la cubierta: El País
655 0 _9234319
_aNovelas
700 1 _aVitale, Carlos,
_d1953-
_9241585
_etrl
852 _aES-MaACL
_cDEPOJ
_jN-10643
_hDonación: José Lázaro García
_xEncuadernación rústica
_9206766
903 _9234219
_aLázaro García, José
_ednr
942 _cMONOGRAFIA
_n0
999 _c197784
_d197784